000 00287nam a2200109Ia 4500
008 200302s9999 xx 000 0 und d
100 _aPeter Reed
245 _aGroundswell Constructing the Contemporary Landscape
260 _bThe Museum of Modern Art
260 _c2005
300 _a167 P.,
999 _c5049
_d5049